00941nam a2200253 i 4500003000900000005001700009007000300026008004100029040003000070082002000100100003700120245013000157264005200287300004100339336002700380337003300407338002800440490001800468590002700486910001500513942001400528952012800542999001700670DO-SdBNP20260321073645.0ta210922b2012 dr o|||| |||| 00| 0 eng d aDO-SdBNPbspacBNPHUerda 4axxxxbB742p2221 a Bosch, Juan, d1909-200197655513aLa política no es un negocio :ba 50 años de la elección presidencial de Juan Bosch y la victoria popular /cJuan Bosch 1aSanto Domingo :bFundación Juan Bosch,c2012. a69 páginasbfotografías c23 cm. 2rdacontentatextobtxt 2rdamediaasin mediaciónbn 2rdacarrieravolumenbnc1 aBosch vivev2 aInventariado, 2023/ YL aBtavárez 2ddccLBS1 00102ddc51708DS-FaBNPHUbBNPHUcCTd2021-02-11eCelida Alvarezl0oxxxx B742pp2023-5386r2023-08-17w2023-08-17yLBS1 c54441d54441